000
00261nam a22001217a 4500
008
181107b xxu||||| |||| 00| 0 eng d
041
_a
eng
080
_2
3 TH
_a
321
100
_a
21
101
_a
POL
245
_a
Global Problems
_c
Scott.S
942
_2
udc
_c
BK
999
_c
52103
_d
52103